| 000 | 01838nam0a22003611 4500 | ||
|---|---|---|---|
| 001 | rc\3052571 | ||
| 005 | 20260406235134.0 | ||
| 010 |
_d6 р. _9500 |
||
| 021 |
_aRU _b41-27143 |
||
| 035 | _a(NLR Aleph) 007191921 | ||
| 090 |
_a7546233 _c7546233 |
||
| 100 | _a20111010d1941 k y0rusy50 ca | ||
| 101 | 0 | _arus | |
| 102 | _aRU | ||
| 105 | _aab d ||||| | ||
| 200 | 1 |
_aКраткие сообщения о научных работах Научно-исследовательского института и Музея антропологии при Московском ордена Ленина государственном университете имени М.В. Ломономова за 1938-39 годы _e[сборник статей _fотв. ред. М.С. Плисецкий] |
|
| 210 |
_aМосква _d1941 |
||
| 215 |
_a72 с. _cил., черт., карт. _d23 |
||
| 601 | 0 | 2 |
_aНаучно-исследовательский институт антропологии _cМосква, город _jСборники _92077487 _3RU\NLR\AUTH\661253119 |
| 606 | 1 |
_aАнтропология _jСборники _9918686 _3RU\NLR\AUTH\6617365 |
|
| 686 | 0 |
_aЕ7я43(2)л2 _2rubbk |
|
| 702 | 1 |
_4340 _7ca _8rus _aПлисецкий _bМ. С. _f1891-1957 _gМарк Соломонович _3RU\NLR\AUTH\770278750 _92650717 |
|
| 710 | 0 | 2 |
_aНИИ антропологии _cМосква _3RU\NLR\AUTH\889940117 _9375068 |
| 712 | 0 | 2 |
_4570 _aМузей антропологии им. Д. Н. Анучина _cМосква _3RU\NLR\AUTH\889988901 _9473367 |
| 801 | 0 |
_aRU _bNLR _gpsbo |
|
| 801 | 1 |
_aRU _bELAR _2rusmarc |
|
| 801 | 2 |
_aRU _bNLR _c20180208 _2rusmarc |
|
| 852 |
_aNLR _jАн02 Г-6/2 |
||
| 852 |
_aNLR _jАн02 Г-6/1 |
||
| 942 | _cBOOK | ||
| 945 | _aРоссийская национальная библиотека | ||
| 980 | _aNB | ||
| 980 | _aBV | ||